It Will Come Back - Hozier (All Lyrics) - Statistics

General Stats
  • This quiz has been taken 10 times
  • The average score is 219 of 264
Answer Stats
Lyrics % Correct
back
100%
come
100%
Don't
100%
don't
100%
feed
100%
I
100%
it,
100%
it
100%
It
100%
will
100%
You
100%
you
100%
you,
100%
a
89%
babe,
89%
babe
89%
babe?
89%
be
89%
better,
89%
door
89%
hear
89%
how
89%
How
89%
howling
89%
howling,
89%
howling?
89%
Jesus
89%
kind
89%
know
89%
me,
89%
me
89%
outside
89%
talk
89%
Than
89%
that
89%
to
89%
your
89%
afford
78%
alone
78%
am
78%
are
78%
at
78%
can't
78%
Christ,
78%
easy
78%
give
78%
Honey,
78%
I'm
78%
in
78%
intention
78%
is
78%
keep
78%
kindness
78%
knows
78%
let
78%
like
78%
look
78%
no
78%
of
78%
see
78%
should
78%
sleeps
78%
smile
78%
that's
78%
That's
78%
the
78%
this
78%
understand,
78%
what
78%
when
78%
who
78%
with
78%
just,
67%
just
67%
land,
67%
Leave
67%
make
67%
never
67%
soul
67%
else
56%
hand,
56%
hold
56%
more
56%
need
56%
offer
56%
Oh,
56%
please,
56%
something
56%
unlearned
56%
warmth
56%
You'll
56%
as
44%
doorways
44%
I've
44%
known
44%
mercy
44%
warn
44%
born
33%
find
33%
I'll
33%
sure
33%
Through
33%
you're
33%
cold,
22%
each
22%
my
22%
night,
22%
way
22%
No matching quizzes found
Score Distribution
Percent of People with Each Score
Percentile by Number Answered
Your Score History
You have not taken this quiz